000 00265nam a2200097Ia 4500
008 200302s9999 xx 000 0 und d
100 _aFrancisco Asensio Cerver
245 _aEuropean Masters / 3 Commercial Spaces 7
260 _bEdiciones Atrium S. A.
300 _a255 P.,
999 _c989
_d989